Countries Closest to Lebanon - Statistics

General Stats
  • This quiz has been taken 2,457 times
  • The average score is 17 of 20
Answer Stats
km country miles % Correct
0 Syria 0
99%
0 Israel 0
98%
125 Turkey 78
97%
220 Iraq 137
96%
45 Jordan 28
96%
214 Egypt 133
95%
810 Iran 503
95%
226 Saudi Arabia 141
95%
170 Cyprus 105
93%
583 Greece 362
89%
881 Armenia 547
86%
886 Georgia 551
84%
1099 Kuwait 683
82%
926 Azerbaijan 575
80%
949 Libya 590
77%
57 Palestine 36
77%
1017 Russia 632
70%
1070 Bulgaria 665
67%
1230 Sudan 765
65%
1195 Romania 743
56%
No matching quizzes found
Score Distribution
Percent of People with Each Score
Percentile by Number Answered
Your Score History
You have not taken this quiz